K-pop groups with the most subscribers on YouTube - Statistiques

Statistiques générales
  • Ce quiz a été pris 51 fois
  • Le résultat moyen est 35 sur 84
Statistiques - réponses
Ranking Groups Suscribers % Correct
1 BLACKPINK 95.520.000
100%
2 BTS 79.570.000
100%
3 Stray Kids 18.910.000
94%
4 TWICE 17.830.000
94%
10 ITZY 9.406.500
86%
18 aespa 6.810.000
80%
14 BABYMONSTER 7.900.000
80%
27 IVE 3.960.000
80%
6 SEVENTEEN 13.760.000
80%
7 TXT 12.450.000
80%
5 BIGBANG 15.440.000
77%
8 ENHYPEN 11.090.000
74%
9 EXO 9.630.300
74%
25 ATEEZ 4.190.000
71%
11 i-dle 8.920.000
71%
79 KATSEYE 1.120.000
69%
21 LE SSERAFIM 5.680.000
69%
23 Red Velvet 5.490.000
69%
16 MAMAMOO 6.900.000
66%
13 NewJeans 7.930.000
66%
15 TREASURE 7.630.000
66%
19 NCT 6.230.000
63%
20 2NE1 5.910.000
60%
48 ILLIT 1.990.000
60%
32 NMIXX 3.040.000
60%
33 SNSD 2.950.000
60%
54 Dreamcatcher 1.770.000
54%
49 EVERGLOW 1.970.000
54%
44 GOT7 2.190.000
49%
53 KISS OF LIFE 1.850.000
49%
65 BOYNEXTDOOR 1.380.000
46%
22 NCT 127 5.570.000
46%
17 NCT DREAM 6.830.000
46%
52 LOONA 1.890.000
43%
59 RIIZE 1.660.000
43%
35 SHINee 2.580.000
43%
39 SUPER JUNIOR 2.380.000
43%
63 2PM 1.460.000
40%
28 KARD 3.720.000
40%
68 P1Harmony 1.300.000
40%
55 STAYC 1.760.000
40%
56 ZEROBASEONE 1.700.000
40%
45 DAY6 2.170.000
37%
42 IZ*ONE 2.290.000
37%
24 ASTRO 5.370.000
34%
70 fromis_9 1.280.000
34%
12 iKON 8.700.000
34%
36 MONSTA X 2.560.000
34%
64 Apink 1.440.000
31%
82 wonder girls 1.020.000
31%
40 GFRIEND 2.340.000
29%
37 Kep1er 2.520.000
29%
29 XG 3.670.000
29%
81 OH MY GIRL 1.050.000
26%
62 ONEUS 1.580.000
26%
41 THE BOYZ 2.310.000
26%
57 PENTAGON 1.680.000
23%
38 SuperM 2.440.000
23%
26 WINNER 4.040.000
23%
67 AOA 1.310.000
20%
47 BTOB 2.040.000
20%
80 CLC 1.100.000
20%
51 FIFTY FIFTY 1.900.000
17%
84 SF9 1.000.000
17%
58 The Rose 1.670.000
17%
34 tripleS 2.770.000
17%
30 WayV 3.620.000
17%
46 4Minute 2.140.000
14%
31 AKMU 3.330.000
14%
50 EXID 1.960.000
14%
78 Xdinary Heroes 1.310.000
14%
71 8TURN 1.260.000
11%
43 NiziU 2.260.000
11%
73 ACE 1.240.000
9%
76 CIX 1.180.000
9%
74 Got The Beat 1.220.000
9%
61 NU'EST 1.590.000
9%
83 &TEAM 1.010.000
9%
72 VIXX 1.250.000
9%
66 BEAST 1.360.000
6%
77 CNBLUE 1.140.000
6%
69 OnlyOneOf 1.290.000
6%
75 BOY STORY 1.210.000
3%
60 SECRET NUMBER 1.630.000
3%
Aucun quiz correspondant
Distribution des résultats
% des personnes avec chaque résultat
Percentile par nombre de réponses
Votre historique - résultats
Vous n’avez pas pris ce quiz